Trade liberalisation and women's employment intensity: analysis of India's manufacturing industries (Record no. 115764)

000 -LEADER
fixed length control field 00599pab a2200205 454500
008 - FIXED-LENGTH DATA ELEMENTS--GENERAL INFORMATION
fixed length control field 180718b2017 xxu||||| |||| 00| 0 eng d
100 ## - MAIN ENTRY--PERSONAL NAME
Personal name Banerjee, Purna
245 ## - TITLE STATEMENT
Title Trade liberalisation and women's employment intensity: analysis of India's manufacturing industries
260 ## - PUBLICATION, DISTRIBUTION, ETC.
Date of publication, distribution, etc. 2017
300 ## - PHYSICAL DESCRIPTION
Extent p.37-47.
362 ## - DATES OF PUBLICATION AND/OR SEQUENTIAL DESIGNATION
Dates of publication and/or sequential designation 2 Sep
650 ## - SUBJECT ADDED ENTRY--TOPICAL TERM
Topical term or geographic name entry element india - Manufacturing industries
650 ## - SUBJECT ADDED ENTRY--TOPICAL TERM
Topical term or geographic name entry element Manufacturing industry
650 ## - SUBJECT ADDED ENTRY--TOPICAL TERM
Topical term or geographic name entry element Liberalization
650 ## - SUBJECT ADDED ENTRY--TOPICAL TERM
Topical term or geographic name entry element Trade
650 ## - SUBJECT ADDED ENTRY--TOPICAL TERM
Topical term or geographic name entry element Womens employment
700 ## - ADDED ENTRY--PERSONAL NAME
Personal name Veeramani, C.
773 ## - HOST ITEM ENTRY
Main entry heading Economic and Political Weekly
909 ## -
-- 115770
Holdings
Withdrawn status Lost status Damaged status Not for loan Permanent Location Current Location Date acquired Serial Enumeration / chronology Barcode Date last seen Price effective from Koha item type
        Indian Institute of Public Administration Indian Institute of Public Administration 2018-07-19 Volume no: 52, Issue no: 35 AR116230 2018-07-19 2018-07-19 Articles

Powered by Koha